Comprehensive evaluation of gemmotherapy extracts generated effects using animal models

Elmentve itt :
Bibliográfiai részletek
Szerzők: Alaya Amina
Máthé Endre
Testületi szerző: Wellmann International Scientific Conference (19.) (2022) (Hódmezővásárhely)
Dokumentumtípus: Könyv része
Megjelent: University of Szeged Faculty of Agriculture Hódmezővásárhely 2022
Sorozat:Wellmann International Scientific Conference
Kulcsszavak:Gyógynövények - előadáskivonat, Gyógyszertan - előadáskivonat
Tárgyszavak:
Online Access:http://acta.bibl.u-szeged.hu/76255
LEADER 01042naa a2200241 i 4500
001 acta76255
005 20221108134809.0
008 220713s2022 hu o 1|| eng d
020 |a 2978-963-306-860-1 
040 |a SZTE Egyetemi Kiadványok Repozitórium  |b hun 
041 |a eng 
100 1 |a Alaya Amina 
245 1 0 |a Comprehensive evaluation of gemmotherapy extracts generated effects using animal models  |h [elektronikus dokumentum] /  |c  Alaya Amina 
260 |a University of Szeged Faculty of Agriculture  |b Hódmezővásárhely  |c 2022 
300 |a 17 
490 0 |a Wellmann International Scientific Conference 
650 4 |a Orvos- és egészségtudomány 
650 4 |a Általános orvostudomány 
650 4 |a Egészségtudományok 
695 |a Gyógynövények - előadáskivonat, Gyógyszertan - előadáskivonat 
700 0 1 |a Máthé Endre  |e aut 
710 |a Wellmann International Scientific Conference (19.) (2022) (Hódmezővásárhely) 
856 4 0 |u http://acta.bibl.u-szeged.hu/76255/1/wellmann_abstracts_2022_017.pdf  |z Dokumentum-elérés